Niezapomniane Jedenastki #34: Niemcy 2017 - Statystyki

Ogólne statystyki
  • Ten quiz został rozwiązany 66 razy
  • Średni wynik to 6 z 11
Statystyki odpowiedzi
Pozycja Klub Zawodnik % Poprawnych
BR Barcelona Marc-Andre ter Stegen
100%
ŚPO Paris SG Julian Draxler
86%
N Lipsk Timo Werner
81%
PO Bayern Joshua Kimmich
75%
ŚO Roma Antonio Rudiger
61%
ŚO Arsenal Shkodran Mustafi
54%
ŚP Schalke Leon Goretzka
39%
LO Koln Jonas Hector
32%
ŚO Dortmund Matthias Ginter
14%
ŚP Hoffenheim Sebastian Rudy
14%
N M'Gladbach Lars Stindl
9%
Nie znaleziono quizów pasujących do podanych kryteriów
Rozkład punktacji
Procent ludzi z każdym wynikiem
Percentyl według liczby udzielonych odpowiedzi
Twoja historia wyników
Nie rozwiązałeś tego quizu